Flags of countries that start with 'B' - Statistics

General Stats
  • This quiz has been taken 28 times
  • The average score is 16 of 17
Answer Stats
Picture Answer % Correct
Bangladesh
100%
Barbados
100%
Belgium
100%
Brazil
100%
Belarus
96%
Bhutan
96%
Bosnia and Herzegovina
96%
Bulgaria
96%
Bahrain
93%
Bahamas
89%
Bolivia
89%
Botswana
89%
Brunei
89%
Belize
85%
Benin
85%
Burkina Faso
85%
Burundi
78%
No matching quizzes found
Score Distribution
Percent of People with Each Score
Percentile by Number Answered
Your Score History
You have not taken this quiz